000 00352nam a2200157Ia 4500
008 230312s9999||||xx |||||||||||||| ||und||
020 _a9780415328616
082 _a401.41
_bGEE-I
100 _aGee,james paul
245 0 _aIntroduction to discourse analysis
260 _c1999
300 _a209
546 _aEng.
650 _aMass com
942 _cBK
999 _c225
_d225